[Event "2. Memorial Oliver Gonzalez 2011"]
[Site "Madrid ESP"]
[Date "2011.10.13"]
[Round "6.32"]
[White "Cabañas Bravo, Juan Andres"]
[Black "Lopez Heras, Arturo"]
[Result "1-0"]
[WhiteElo "2065"]
[BlackElo "1904"]
[PlyCount "57"]
[EventDate "2011.10.08"]
[EventType "swiss"]
[EventRounds "9"]
[EventCountry "ESP"]
[Source "lmi"]
[SourceDate "2011.10.08"]

1. e4 c5 2. Nf3 d6 3. d4 cxd4 4. Nxd4 Nf6 5. Nc3 g6 6. Be3 Bg7 7. f3 O-O 8. Qd2
Nc6 9. Bc4 Bd7 10. h4 Rb8 11. h5 Nxh5 12. g4 Ne5 13. Bb3 Nf6 14. O-O-O b5 15.
Bh6 e6 16. Bxg7 Kxg7 17. Qh6+ Kg8 18. Nce2 Qe7 19. Ng3 Rfc8 20. g5 Nh5 21. Rxh5
gxh5 22. Nxh5 f6 23. gxf6 Qf8 24. Ng7 Nc4 25. Rh1 Kf7 26. Rg1 Qh8 27. Ngxe6
Bxe6 28. Rg7+ Ke8 29. Re7+ 1-0

[Event "2. Memorial Oliver Gonzalez 2011"]
[Site "Madrid ESP"]
[Date "2011.10.13"]
[Round "6.33"]
[White "Mansilla Tolosa, Luis E"]
[Black "De Vega Fernandez, Francisco J"]
[Result "1-0"]
[WhiteElo "2064"]
[BlackElo "1829"]
[PlyCount "87"]
[EventDate "2011.10.08"]
[EventType "swiss"]
[EventRounds "9"]
[EventCountry "ESP"]
[Source "lmi"]
[SourceDate "2011.10.08"]

1. d4 d5 2. c4 e6 3. Nf3 Nf6 4. g3 dxc4 5. Bg2 c5 6. O-O Nc6 7. e3 cxd4 8. Nxd4
Nxd4 9. exd4 Be7 10. Na3 O-O 11. Nxc4 Rb8 12. Bf4 Ra8 13. Rc1 Nd5 14. Bd2 Bd7
15. Be4 Bb5 16. Qf3 Bxc4 17. Rxc4 b5 18. Rc2 Qd7 19. Rfc1 Bd8 20. Bxd5 Qxd5 21.
Qxd5 exd5 22. Rc5 Bb6 23. Rxd5 Rfd8 24. Rxb5 Rxd4 25. Be3 Rd6 26. Bxb6 Rxb6 27.
Rxb6 axb6 28. Re1 g6 29. a3 Kf8 30. Re2 Rc8 31. f3 b5 32. Kf2 b4 33. axb4 Rc4
34. Ke3 Rxb4 35. Kd3 Rb3+ 36. Kc4 Rxf3 37. b4 f5 38. b5 f4 39. b6 Rf1 40. Rb2
Rc1+ 41. Kd5 Rc8 42. gxf4 Ke7 43. b7 Rb8 44. Kc6 1-0

[Event "2. Memorial Oliver Gonzalez 2011"]
[Site "Madrid ESP"]
[Date "2011.10.13"]
[Round "6.34"]
[White "Vazquez Torres, Adrian"]
[Black "Morona Minguez, Irene"]
[Result "1-0"]
[WhiteElo "2148"]
[BlackElo "1894"]
[PlyCount "85"]
[EventDate "2011.10.08"]
[EventType "swiss"]
[EventRounds "9"]
[EventCountry "ESP"]
[Source "lmi"]
[SourceDate "2011.10.08"]

1. e4 c5 2. Nf3 e6 3. d4 cxd4 4. Nxd4 Nf6 5. Bd3 Nc6 6. Nxc6 bxc6 7. O-O d5 8.
Nc3 Qc7 9. exd5 exd5 10. Re1+ Be7 11. Ne2 O-O 12. Bf4 Bd6 13. Bxd6 Qxd6 14. Ng3
g6 15. c4 h5 16. Qc1 Ng4 17. h3 Ne5 18. Qh6 Rd8 19. Nxh5 gxh5 20. Bh7+ Kh8 21.
Bg6+ Kg8 22. Qh7+ Kf8 23. Rxe5 Qxg6 24. Qh8+ Qg8 25. Qf6 Be6 26. Rxe6 Qg7 27.
Qf4 dxc4 28. Rae1 Rd4 29. R6e4 Rxe4 30. Qd6+ Kg8 31. Rxe4 Qxb2 32. Qxc6 Rd8 33.
Qxc4 Rd1+ 34. Kh2 Qa1 35. Re8+ Kg7 36. Qf4 Rh1+ 37. Kg3 Qc3+ 38. Re3 Qc6 39.
Kh4 Rc1 40. Rg3+ Kf8 41. Qb8+ Ke7 42. Re3+ Kf6 43. Qe5+ 1-0

[Event "2. Memorial Oliver Gonzalez 2011"]
[Site "Madrid ESP"]
[Date "2011.10.13"]
[Round "6.35"]
[White "Sierra Bermejo, Gregorio"]
[Black "Hernandez Gutierrez, Jose"]
[Result "0-1"]
[WhiteElo "1691"]
[BlackElo "1890"]
[PlyCount "92"]
[EventDate "2011.10.08"]
[EventType "swiss"]
[EventRounds "9"]
[EventCountry "ESP"]
[Source "lmi"]
[SourceDate "2011.10.08"]

1. e4 c5 2. Nc3 a6 3. g3 Nc6 4. Bg2 d6 5. d3 g6 6. Nge2 Bg7 7. O-O e6 8. a4
Nge7 9. Bg5 O-O 10. Qd2 Re8 11. Qf4 e5 12. Qh4 Qb6 13. b3 Be6 14. Nd5 Bxd5 15.
exd5 Nf5 16. Qe4 Nfd4 17. g4 Nxe2+ 18. Qxe2 Ne7 19. a5 Qc7 20. Ra4 Rf8 21. Qd2
f5 22. Bh6 fxg4 23. Bxg7 Kxg7 24. Rxg4 Rf6 25. Be4 Raf8 26. h4 Rf4 27. f3 h5
28. Rg3 Nf5 29. Bxf5 R8xf5 30. Qg2 Qf7 31. c4 Rd4 32. Qe2 Qf6 33. Rf2 Qxh4 34.
Rfg2 Rf6 35. Qd2 Qf4 36. Qxf4 exf4 37. Rh3 Rf5 38. Rd2 Re5 39. Rhh2 Re3 40.
Rhe2 Rdxd3 41. Rxd3 Rxe2 42. Kf1 Rb2 43. Ke1 h4 44. Kd1 h3 45. Kc1 Rg2 46. b4
h2 0-1

[Event "2. Memorial Oliver Gonzalez 2011"]
[Site "Madrid ESP"]
[Date "2011.10.13"]
[Round "6.37"]
[White "Ortega Ruiz, Jose M"]
[Black "Alvarez Escudero, Manuel"]
[Result "1-0"]
[WhiteElo "2266"]
[BlackElo "1874"]
[PlyCount "41"]
[EventDate "2011.10.08"]
[EventType "swiss"]
[EventRounds "9"]
[EventCountry "ESP"]
[Source "lmi"]
[SourceDate "2011.10.08"]

1. b3 e5 2. Bb2 Nc6 3. e3 d5 4. Bb5 Bd6 5. f4 Qe7 6. Nf3 Bg4 7. h3 Bxf3 8. Qxf3
Nf6 9. O-O O-O 10. Bxc6 bxc6 11. fxe5 Bxe5 12. Bxe5 Qxe5 13. Nc3 Rad8 14. Qf4
Rfe8 15. Ne2 c5 16. Qxe5 Rxe5 17. Nf4 Ne4 18. Rad1 f6 19. Rfe1 c6 20. Rf1 Nd6
21. Nd3 1-0

[Event "2. Memorial Oliver Gonzalez 2011"]
[Site "Madrid ESP"]
[Date "2011.10.13"]
[Round "6.38"]
[White "Tevar Sanz, Gonzalo"]
[Black "Ronka, Erik"]
[Result "0-1"]
[WhiteElo "1868"]
[BlackElo "2029"]
[PlyCount "74"]
[EventDate "2011.10.08"]
[EventType "swiss"]
[EventRounds "9"]
[EventCountry "ESP"]
[Source "lmi"]
[SourceDate "2011.10.08"]

1. d4 Nf6 2. Bf4 c5 3. e3 e6 4. c3 Be7 5. Nd2 b6 6. Ngf3 Nh5 7. Bg3 Nxg3 8.
hxg3 a6 9. Bd3 g6 10. Ne5 Bf6 11. Ng4 Bg7 12. Qf3 d5 13. Nh6 Qe7 14. g4 Bb7 15.
Qg3 Nc6 16. f4 f6 17. Qh3 O-O-O 18. Nf3 cxd4 19. cxd4 Kb8 20. Rc1 e5 21. fxe5
fxe5 22. Qg3 Ka7 23. dxe5 Nxe5 24. Nxe5 Bxe5 25. Qf2 Rhf8 26. Qe2 Bg3+ 27. Kd1
Rf2 28. Qe1 Rxg2 29. Qf1 Rf2 30. Qe1 d4 31. e4 Rf3 32. Qe2 Re3 33. Qc2 Bxe4 34.
Bxe4 Rxe4 35. Qd3 Re1+ 36. Kc2 Rc8+ 37. Kb1 Rcxc1# 0-1

[Event "2. Memorial Oliver Gonzalez 2011"]
[Site "Madrid ESP"]
[Date "2011.10.13"]
[Round "6.39"]
[White "Paredes Mancha, Antonio"]
[Black "Ibañez Moreno, Sergio"]
[Result "1-0"]
[WhiteElo "2027"]
[BlackElo "1789"]
[PlyCount "53"]
[EventDate "2011.10.08"]
[EventType "swiss"]
[EventRounds "9"]
[EventCountry "ESP"]
[Source "lmi"]
[SourceDate "2011.10.08"]

1. e4 e6 2. d4 d5 3. exd5 exd5 4. Nf3 Nf6 5. c4 Bg4 6. Nc3 Nc6 7. cxd5 Nxd5 8.
Be3 Bb4 9. Rc1 O-O 10. Bc4 Nxe3 11. fxe3 Ne7 12. O-O Nf5 13. Qd3 Nd6 14. Ne5
Bh5 15. Bb3 c6 16. Ne4 Nxe4 17. Qxe4 Bd6 18. Rf5 Bg6 19. Nxg6 hxg6 20. Rxf7
Rxf7 21. Rf1 Kh8 22. Bxf7 Qa5 23. Qxg6 Rd8 24. d5 Bxh2+ 25. Kxh2 Qc7+ 26. Kg1
Qe5 27. Rf3 1-0

[Event "2. Memorial Oliver Gonzalez 2011"]
[Site "Madrid ESP"]
[Date "2011.10.13"]
[Round "6.41"]
[White "Fuentes Arjona, Antonio"]
[Black "Balsinde Montemayor, Pablo"]
[Result "0-1"]
[WhiteElo "2001"]
[BlackElo "1788"]
[PlyCount "84"]
[EventDate "2011.10.08"]
[EventType "swiss"]
[EventRounds "9"]
[EventCountry "ESP"]
[Source "lmi"]
[SourceDate "2011.10.08"]

1. e4 d6 2. f4 Nf6 3. Nc3 Nbd7 4. Nf3 e5 5. d4 exd4 6. Nxd4 c6 7. Nf3 Nc5 8.
Bd3 Bg4 9. h3 Bxf3 10. Qxf3 g6 11. O-O Qb6 12. Be3 Qxb2 13. Bd4 Be7 14. Nb5 Qb4
15. Bc3 Qa4 16. Nc7+ Kd7 17. Nxa8 Rxa8 18. Rfe1 Re8 19. e5 Nd5 20. Qg4+ Ne6 21.
Re4 Qa3 22. Bd2 Qb2 23. Rf1 h5 24. Qd1 Nc5 25. Ree1 Bh4 26. Qa1 Nxd3 27. Qxb2
Nxb2 28. Rb1 Nc4 29. Rfd1 b6 30. Rb3 Kc7 31. exd6+ Nxd6 32. g3 Bf6 33. Ra3 Bd4+
34. Kh1 b5 35. Ba5+ Bb6 36. Bxb6+ Kxb6 37. Rb3 Ne4 38. Kh2 Nc5 39. Rb2 Re2+ 40.
Kg1 Ne3 41. Rd8 Ne4 42. Kh1 Rg2 0-1

[Event "2. Memorial Oliver Gonzalez 2011"]
[Site "Madrid ESP"]
[Date "2011.10.13"]
[Round "6.44"]
[White "Dierssen Garcia-Barredo, Guille"]
[Black "Garcia Serrano, Jose M. Ii"]
[Result "0-1"]
[WhiteElo "1682"]
[BlackElo "1898"]
[PlyCount "80"]
[EventDate "2011.10.08"]
[EventType "swiss"]
[EventRounds "9"]
[EventCountry "ESP"]
[Source "lmi"]
[SourceDate "2011.10.08"]

1. d4 d5 2. c4 e6 3. Nf3 Nf6 4. g3 c6 5. Qc2 Be7 6. Bg2 O-O 7. O-O Nbd7 8. b3
b6 9. Bb2 Bb7 10. Nbd2 Rc8 11. e4 dxe4 12. Nxe4 Qc7 13. Bc1 c5 14. Nxf6+ Bxf6
15. Bf4 Qd8 16. Rad1 Bxf3 17. Bxf3 cxd4 18. Bb7 e5 19. Bxc8 Qxc8 20. Bc1 b5 21.
Ba3 Re8 22. Rc1 Qa6 23. Qb2 e4 24. cxb5 Qxb5 25. Qb1 Qd5 26. Rfe1 d3 27. Rcd1
Ne5 28. Re3 Rd8 29. Bb2 Bg5 30. f4 Ng4 31. Qc1 Nxe3 32. Qxe3 Be7 33. Kg2 Bc5
34. Qc1 e3+ 35. Kh3 Rd6 36. g4 Qf3+ 37. Kh4 Rh6+ 38. Kg5 Be7+ 39. Kf5 Qd5+ 40.
Be5 g6# 0-1

[Event "2. Memorial Oliver Gonzalez 2011"]
[Site "Madrid ESP"]
[Date "2011.10.13"]
[Round "6.45"]
[White "Ortega Morales, Pedro"]
[Black "Fernandez Aransay, Fernando"]
[Result "1/2-1/2"]
[WhiteElo "1861"]
[BlackElo "1886"]
[PlyCount "48"]
[EventDate "2011.10.08"]
[EventType "swiss"]
[EventRounds "9"]
[EventCountry "ESP"]
[Source "lmi"]
[SourceDate "2011.10.08"]

1. d4 Nf6 2. Bf4 e6 3. e3 b6 4. Nf3 Bb7 5. Bd3 c5 6. Qe2 Be7 7. Nbd2 O-O 8. h3
d5 9. c3 Nbd7 10. Ne5 Nxe5 11. dxe5 Ne8 12. h4 d4 13. exd4 cxd4 14. cxd4 Qxd4
15. Ne4 Bb4+ 16. Kf1 Rd8 17. Rh3 f5 18. exf6 Nxf6 19. Nxf6+ Rxf6 20. Bg5 Rxf2+
21. Qxf2 Rf8 22. Bxh7+ Kxh7 23. Rf3 Qxf2+ 24. Kxf2 Bxf3 1/2-1/2

[Event "2. Memorial Oliver Gonzalez 2011"]
[Site "Madrid ESP"]
[Date "2011.10.13"]
[Round "6.46"]
[White "Martin-Consuegra Barrilero, Jav"]
[Black "Yeves Miquel, Enrique"]
[Result "1-0"]
[WhiteElo "1880"]
[BlackElo "1677"]
[PlyCount "139"]
[EventDate "2011.10.08"]
[EventType "swiss"]
[EventRounds "9"]
[EventCountry "ESP"]
[Source "lmi"]
[SourceDate "2011.10.08"]

1. d4 d5 2. Nf3 c6 3. c3 Nf6 4. Bf4 Qb6 5. Qb3 Bf5 6. Nbd2 Nbd7 7. e3 h6 8. h3
e6 9. Be2 Be7 10. Ne5 O-O 11. g4 Qxb3 12. axb3 Bc2 13. g5 hxg5 14. Bxg5 Rfe8
15. h4 Nxe5 16. dxe5 Ne4 17. Bxe7 Rxe7 18. Nxe4 dxe4 19. b4 a6 20. Rc1 Bb3 21.
c4 Rd7 22. Rc3 Ba2 23. Ra3 Bb1 24. O-O Bd3 25. Bxd3 exd3 26. Rd1 Rad8 27. Rd2
Kh7 28. f4 Kh6 29. Kf2 Kh5 30. Kg3 f6 31. exf6 gxf6 32. Kf3 f5 33. Rc3 Kg6 34.
Rc1 Kf6 35. h5 e5 36. fxe5+ Kxe5 37. Rg1 Rh8 38. Rg5 Rh6 39. e4 Rf6 40. Rxf5+
Rxf5+ 41. exf5 Kxf5 42. Ke3 Kg5 43. Rxd3 Re7+ 44. Kd4 Kxh5 45. Kc5 Kg6 46. Rf3
Kg7 47. Kb6 Rd7 48. b3 Re7 49. Rd3 Kf6 50. Rf3+ Kg7 51. b5 axb5 52. cxb5 cxb5
53. Rf5 Kg8 54. Rxb5 Kf8 55. Ka7 Ke8 56. Rxb7 Re1 57. b4 Kd8 58. Kb8 Rc1 59. b5
Rc8+ 60. Ka7 Rc1 61. Rh7 Kc8 62. Rh8+ Kd7 63. b6 Ra1+ 64. Kb7 Ra2 65. Rc8 Ra1
66. Rc3 Rd1 67. Rc7+ Kd8 68. Kb8 Ra1 69. Ra7 Rc1 70. b7 1-0

[Event "2. Memorial Oliver Gonzalez 2011"]
[Site "Madrid ESP"]
[Date "2011.10.13"]
[Round "6.47"]
[White "Marcos Herrero, Francisco"]
[Black "Madurga Lopez, Ignacio"]
[Result "0-1"]
[WhiteElo "1846"]
[BlackElo "2057"]
[PlyCount "54"]
[EventDate "2011.10.08"]
[EventType "swiss"]
[EventRounds "9"]
[EventCountry "ESP"]
[Source "lmi"]
[SourceDate "2011.10.08"]

1. d4 Nf6 2. c4 g6 3. g3 Bg7 4. Bg2 O-O 5. Nc3 d6 6. Nf3 Nbd7 7. O-O e5 8. e4
exd4 9. Nxd4 a6 10. Qc2 Re8 11. Rd1 Rb8 12. a4 Ne5 13. b3 Bg4 14. f3 c5 15.
fxg4 cxd4 16. Rxd4 Qb6 17. Ne2 Nc6 18. Bb2 Nxg4 19. Qd3 Nxd4 20. Nxd4 Ne5 21.
Qd2 Nc6 22. Rd1 Nxd4 23. Bxd4 Bxd4+ 24. Qxd4 Qxb3 25. a5 Qb4 26. Qxd6 Qxa5 27.
Qf6 Qc5+ 0-1

[Event "2. Memorial Oliver Gonzalez 2011"]
[Site "Madrid ESP"]
[Date "2011.10.13"]
[Round "6.48"]
[White "Sierra Soria, Maria"]
[Black "Cavalle Pulla, Daniel"]
[Result "0-1"]
[WhiteElo "1782"]
[BlackElo "1987"]
[PlyCount "90"]
[EventDate "2011.10.08"]
[EventType "swiss"]
[EventRounds "9"]
[EventCountry "ESP"]
[Source "lmi"]
[SourceDate "2011.10.08"]

1. e4 e6 2. d3 c5 3. Nd2 Nc6 4. Ngf3 Nge7 5. g3 d5 6. Bg2 g6 7. O-O Bg7 8. c3
O-O 9. Re1 b6 10. Nf1 a5 11. h4 a4 12. Qc2 b5 13. Be3 c4 14. Rad1 Qc7 15. d4
dxe4 16. Qxe4 Bb7 17. Qc2 Nd5 18. N1h2 b4 19. Ng4 a3 20. Bd2 Qb6 21. b3 bxc3
22. Bxc3 cxb3 23. axb3 Rfc8 24. Ba1 Nxd4 25. Qa2 Nxf3+ 26. Bxf3 Nc3 27. Bxc3
Rxc3 28. Bxb7 Qxb7 29. Rb1 Qc7 30. Re2 h5 31. Ne3 Bd4 32. Nf1 Qc6 33. Rd1 e5
34. Rdd2 Qd5 35. Rc2 Qxb3 36. Rxc3 Qxc3 37. Rc2 Qf3 38. Kh2 Bxf2 39. Rxf2 Qxf2+
40. Qxf2 a2 41. Qb2 a1=Q 42. Qxa1 Rxa1 43. Kg2 Rxf1 44. Kxf1 Kg7 45. Kf2 Kf6
0-1

[Event "2. Memorial Oliver Gonzalez 2011"]
[Site "Madrid ESP"]
[Date "2011.10.13"]
[Round "6.49"]
[White "Grebstad, Kjell Borre"]
[Black "Martinez Martinez, Antonio"]
[Result "1-0"]
[WhiteElo "1986"]
[BlackElo "1702"]
[PlyCount "53"]
[EventDate "2011.10.08"]
[EventType "swiss"]
[EventRounds "9"]
[EventCountry "ESP"]
[Source "lmi"]
[SourceDate "2011.10.08"]

1. d4 g6 2. e4 d6 3. c4 c6 4. Nc3 Bg7 5. Be3 Nf6 6. h3 Qa5 7. Qd2 Bd7 8. Bd3
Na6 9. Nf3 h6 10. g4 Nb4 11. Bb1 g5 12. a3 Na6 13. Bd3 e6 14. O-O-O Rc8 15. Kb1
Rb8 16. e5 Ng8 17. Nb5 Qd8 18. Nxd6+ Ke7 19. c5 Nc7 20. h4 f6 21. hxg5 fxg5 22.
Nxg5 hxg5 23. Bxg5+ Nf6 24. exf6+ Bxf6 25. Bxf6+ Kxf6 26. Qf4+ Kg7 27. Qf7# 1-0

[Event "2. Memorial Oliver Gonzalez 2011"]
[Site "Madrid ESP"]
[Date "2011.10.13"]
[Round "6.51"]
[White "Padin Lazaro, Jose Manuel"]
[Black "Tirado Parra, Alberto"]
[Result "1-0"]
[WhiteElo "1737"]
[BlackElo "1914"]
[PlyCount "65"]
[EventDate "2011.10.08"]
[EventType "swiss"]
[EventRounds "9"]
[EventCountry "ESP"]
[Source "lmi"]
[SourceDate "2011.10.08"]

1. e4 e5 2. Nf3 d6 3. d4 Nd7 4. Bc4 c6 5. Nc3 Be7 6. O-O b5 7. Bd3 Ngf6 8. Re1
O-O 9. h3 Qc7 10. Ne2 Re8 11. c3 Rb8 12. Ng3 Bf8 13. Nf5 exd4 14. cxd4 c5 15.
Bf4 c4 16. Bc2 Bb7 17. Ng3 h6 18. Qd2 Rbd8 19. Nh4 Ne5 20. f3 Nd3 21. Bxd3 cxd3
22. Nhf5 Qc2 23. Qxc2 dxc2 24. Rac1 g5 25. Bd2 Rc8 26. Bb4 Rc6 27. Re2 Rc4 28.
Bxd6 Bxd6 29. Nxd6 Rxd4 30. Nxe8 Rd1+ 31. Re1 Nxe8 32. Rexd1 cxd1=Q+ 33. Rxd1
1-0

[Event "2. Memorial Oliver Gonzalez 2011"]
[Site "Madrid ESP"]
[Date "2011.10.13"]
[Round "6.52"]
[White "Suarez Prieto, Leopoldo"]
[Black "Lozano Sanchez, Jose Antonio"]
[Result "0-1"]
[WhiteElo "1724"]
[BlackElo "1895"]
[PlyCount "120"]
[EventDate "2011.10.08"]
[EventType "swiss"]
[EventRounds "9"]
[EventCountry "ESP"]
[Source "lmi"]
[SourceDate "2011.10.08"]

1. e4 e5 2. Bc4 Nf6 3. f4 d5 4. exd5 Nxd5 5. Bxd5 Qxd5 6. Nc3 Qxg2 7. Qf3 Qxf3
8. Nxf3 exf4 9. d3 Bd6 10. Bd2 Bg4 11. Rf1 Nc6 12. O-O-O O-O-O 13. Rde1 Rde8
14. Ng5 Rxe1+ 15. Rxe1 Bh5 16. Nh3 f3 17. Nf2 Kd7 18. Be3 Re8 19. Nce4 f5 20.
Nxd6 Kxd6 21. Bf4+ Kd7 22. Rxe8 Bxe8 23. c3 Nd8 24. Kd2 Ne6 25. Ke3 g5 26. Be5
Bh5 27. d4 f4+ 28. Ke4 c6 29. c4 Nd8 30. Kf5 Nf7 31. Bf6 Bg6+ 32. Kg4 h5+ 33.
Kxf3 Ke6 34. Bg7 Bb1 35. a3 Kf5 36. h3 Ba2 37. c5 Nd8 38. b4 Bb1 39. Be5 Ne6
40. Bh8 Nf8 41. Bg7 Ng6 42. Nd1 g4+ 43. hxg4+ hxg4+ 44. Ke2 g3 45. Nc3 Bc2 46.
d5 cxd5 47. Nxd5 Be4 48. Nc3 Bg2 49. Bd4 f3+ 50. Ke1 Ne5 51. Nd1 Nd3+ 52. Kd2
Ke4 53. Be3 Ne5 54. Nc3+ Kf5 55. Nd1 Nc4+ 56. Ke1 Nxa3 57. Nc3 Nc2+ 58. Kd2
Nxe3 59. Kxe3 f2 60. Ne2 Kg4 0-1

[Event "2. Memorial Oliver Gonzalez 2011"]
[Site "Madrid ESP"]
[Date "2011.10.13"]
[Round "6.55"]
[White "Anton Prado, Augusto"]
[Black "Arias De Reina Martinez, Fco"]
[Result "1-0"]
[WhiteElo "1833"]
[BlackElo "1604"]
[PlyCount "91"]
[EventDate "2011.10.08"]
[EventType "swiss"]
[EventRounds "9"]
[EventCountry "ESP"]
[Source "lmi"]
[SourceDate "2011.10.08"]

1. e4 c5 2. Nc3 Nc6 3. g3 g6 4. Bg2 Bg7 5. d3 Nf6 6. f4 d6 7. Nf3 e6 8. O-O O-O
9. Be3 Qc7 10. h3 Nd7 11. Qd2 a6 12. Rab1 b5 13. Ne2 Rb8 14. c3 a5 15. d4 cxd4
16. cxd4 d5 17. exd5 exd5 18. Ne5 Ndxe5 19. fxe5 Be6 20. Rbc1 Qb6 21. Rc5 Rfc8
22. Bxd5 Nb4 23. Bxe6 Qxe6 24. a3 Rxc5 25. dxc5 Nd5 26. Nf4 Nxf4 27. Bxf4 Bxe5
28. b4 Bxf4 29. Qxf4 Rc8 30. Qf6 Qxf6 31. Rxf6 axb4 32. axb4 Ra8 33. Rb6 Ra1+
34. Kg2 Rc1 35. Rxb5 Rc4 36. Kf3 h5 37. Rb6 Kg7 38. c6 g5 39. b5 Rc3+ 40. Ke4
Rxg3 41. c7 Rc3 42. Rb7 g4 43. hxg4 h4 44. Ra7 h3 45. b6 h2 46. Ra1 1-0

[Event "2. Memorial Oliver Gonzalez 2011"]
[Site "Madrid ESP"]
[Date "2011.10.13"]
[Round "6.56"]
[White "Pradas Ojeda, Santiago"]
[Black "Tamaslacariu, Ionut"]
[Result "0-1"]
[WhiteElo "1585"]
[BlackElo "1831"]
[PlyCount "74"]
[EventDate "2011.10.08"]
[EventType "swiss"]
[EventRounds "9"]
[EventCountry "ESP"]
[Source "lmi"]
[SourceDate "2011.10.08"]

1. e4 c5 2. Nf3 Nc6 3. d4 cxd4 4. Nxd4 g6 5. Be2 Bg7 6. Be3 Nf6 7. Nc3 O-O 8.
O-O d6 9. h3 a6 10. Bf3 Ne5 11. Be2 b5 12. f4 Nc4 13. Bc1 Qb6 14. Kh1 Nxe4 15.
Nxe4 Bxd4 16. Bxc4 bxc4 17. c3 Bg7 18. Qe2 Bb7 19. Be3 Qc6 20. Nd2 d5 21. Nf3
Rae8 22. Bd4 f6 23. Qd2 e5 24. fxe5 fxe5 25. Bg1 Rd8 26. Rae1 d4 27. Nxe5 Bxe5
28. Rxf8+ Rxf8 29. Rxe5 Qd7 30. Kh2 d3 31. Bd4 Qc6 32. Re7 Qd6+ 33. Re5 Rf5 34.
Qe1 d2 35. Qg3 Rxe5 36. Bxe5 Qc6 37. Bd4 Qxg2+ 0-1

[Event "2. Memorial Oliver Gonzalez 2011"]
[Site "Madrid ESP"]
[Date "2011.10.13"]
[Round "6.58"]
[White "Galan Aguado, Fernando"]
[Black "Ojosnegros Martin, Angel"]
[Result "1-0"]
[WhiteElo "1779"]
[BlackElo "1417"]
[PlyCount "53"]
[EventDate "2011.10.08"]
[EventType "swiss"]
[EventRounds "9"]
[EventCountry "ESP"]
[Source "lmi"]
[SourceDate "2011.10.08"]

1. d4 d5 2. Nf3 Nf6 3. e3 e6 4. Bd3 Be7 5. O-O O-O 6. b3 Nbd7 7. Bb2 b6 8. Ne5
Bb7 9. f4 c5 10. Nd2 Ne4 11. Qe2 Nxd2 12. Qxd2 Nf6 13. Qe2 a6 14. Rad1 Qc7 15.
a4 Rfe8 16. f5 exf5 17. Rxf5 Rf8 18. Rdf1 Bc8 19. R5f4 Bd6 20. Rxf6 Bxe5 21.
dxe5 gxf6 22. Rxf6 Re8 23. Qh5 Be6 24. Qh6 d4 25. exd4 cxd4 26. Bxh7+ Kh8 27.
Be4+ 1-0

[Event "2. Memorial Oliver Gonzalez 2011"]
[Site "Madrid ESP"]
[Date "2011.10.13"]
[Round "6.64"]
[White "Bento Iglesias, Pablo"]
[Black "Farre Selma, David"]
[Result "0-1"]
[WhiteElo "1389"]
[BlackElo "1841"]
[PlyCount "80"]
[EventDate "2011.10.08"]
[EventType "swiss"]
[EventRounds "9"]
[EventCountry "ESP"]
[Source "lmi"]
[SourceDate "2011.10.08"]

1. e4 d5 2. exd5 Qxd5 3. d4 c6 4. c4 Qd8 5. Nc3 Nf6 6. Nf3 Bg4 7. Be2 e6 8. O-O
Be7 9. Bf4 O-O 10. h3 Bxf3 11. Bxf3 Nbd7 12. Qd2 Nb6 13. b3 Bb4 14. a3 Be7 15.
c5 Nbd5 16. Be3 Nxc3 17. Qxc3 Nd5 18. Qd2 Nxe3 19. fxe3 e5 20. b4 exd4 21. exd4
Bf6 22. Rad1 Bg5 23. Qd3 Re8 24. Rfe1 Qc7 25. Be4 g6 26. Rf1 Rad8 27. Rde1 Qd7
28. Rd1 Qxd4+ 29. Qxd4 Rxd4 30. Rxd4 Be3+ 31. Kh1 Bxd4 32. Bd3 f6 33. Rd1 Bb2
34. Bc4+ Kf8 35. Rd7 Re7 36. Rd8+ Kg7 37. g4 Bxa3 38. h4 Bxb4 39. g5 fxg5 40.
hxg5 h6 0-1

[Event "2. Memorial Oliver Gonzalez 2011"]
[Site "Madrid ESP"]
[Date "2011.10.13"]
[Round "6.66"]
[White "Benitez Cadenas, Luis Miguel"]
[Black "Nieto Esteban, Manuel"]
[Result "1-0"]
[WhiteElo "1737"]
[BlackElo "1777"]
[PlyCount "120"]
[EventDate "2011.10.08"]
[EventType "swiss"]
[EventRounds "9"]
[EventCountry "ESP"]
[Source "lmi"]
[SourceDate "2011.10.08"]

1. d4 d5 2. c4 e6 3. cxd5 exd5 4. Nc3 Nf6 5. Bg5 Nbd7 6. e3 c6 7. Bd3 Bd6 8.
Nf3 O-O 9. O-O Re8 10. a3 a5 11. Qc2 Qc7 12. Rfc1 Qb8 13. h3 h6 14. Bxf6 Nxf6
15. Na4 Qc7 16. Nc5 Bd7 17. b4 Bxc5 18. bxc5 Reb8 19. Rab1 Be6 20. Ne5 Nd7 21.
Nxd7 Qxd7 22. Qd2 Bf5 23. Rb6 Bxd3 24. Qxd3 Rc8 25. Rcb1 Rc7 26. R1b3 g6 27.
Qb1 Ra7 28. e4 dxe4 29. Qxe4 Qe7 30. Qf4 Kh7 31. Re3 Qd7 32. h4 Ra8 33. Rbb3
Rcc8 34. Qf6 Re8 35. Kf1 Rxe3 36. Rxe3 Re8 37. Rf3 Re7 38. Re3 Re6 39. Rxe6
Qxe6 40. Qxe6 fxe6 41. Ke2 Kg7 42. g4 Kf6 43. Ke3 e5 44. Ke4 exd4 45. Kxd4 g5
46. h5 Ke6 47. Ke4 a4 48. f3 Kf6 49. f4 gxf4 50. Kxf4 Kg7 51. g5 hxg5+ 52. Kxg5
Kh7 53. Kf6 Kh6 54. Ke6 Kxh5 55. Kd6 Kg5 56. Kc7 Kf5 57. Kxb7 Ke4 58. Kxc6 Kd4
59. Kb6 Kc4 60. c6 Kb3 1-0

[Event "2. Memorial Oliver Gonzalez 2011"]
[Site "Madrid ESP"]
[Date "2011.10.13"]
[Round "6.67"]
[White "Garcia Hernandez, Javier"]
[Black "Tevar Becerra, Alvaro"]
[Result "0-1"]
[WhiteElo "1741"]
[BlackElo "1477"]
[PlyCount "66"]
[EventDate "2011.10.08"]
[EventType "swiss"]
[EventRounds "9"]
[EventCountry "ESP"]
[Source "lmi"]
[SourceDate "2011.10.08"]

1. d4 Nf6 2. c4 g6 3. Nc3 Bg7 4. e4 d6 5. f4 O-O 6. Nf3 Re8 7. Bd3 Bg4 8. O-O
Nc6 9. Be3 e5 10. fxe5 dxe5 11. d5 Nd4 12. Bxd4 exd4 13. Ne2 Nxe4 14. Bxe4 Rxe4
15. Qc2 Qe7 16. Ng3 Re3 17. Rae1 Re8 18. Rxe3 Qxe3+ 19. Qf2 Bxf3 20. Qxe3 dxe3
21. gxf3 Bxb2 22. Ne2 b6 23. Rb1 Bf6 24. Rb3 Bh4 25. Kf1 f5 26. Nf4 g5 27. Ne6
f4 28. Ke2 Re7 29. a4 h5 30. h3 Rf7 31. a5 g4 32. hxg4 hxg4 33. axb6 axb6 0-1

[Event "2. Memorial Oliver Gonzalez 2011"]
[Site "Madrid ESP"]
[Date "2011.10.13"]
[Round "6.72"]
[White "Morona Minguez, Miguel"]
[Black "Ruiz Bazaga, Miriam"]
[Result "1-0"]
[WhiteElo "1549"]
[BlackElo "1624"]
[PlyCount "63"]
[EventDate "2011.10.08"]
[EventType "swiss"]
[EventRounds "9"]
[EventCountry "ESP"]
[Source "lmi"]
[SourceDate "2011.10.08"]

1. e4 e5 2. Nf3 Nc6 3. Bb5 Nf6 4. O-O Bc5 5. d3 O-O 6. Bxc6 dxc6 7. Nxe5 Qd4 8.
Nf3 Qd6 9. e5 Qe7 10. exf6 Qxf6 11. Nc3 Qg6 12. Ne4 Be7 13. Ng3 Bd6 14. Bd2 Bg4
15. h3 Bd7 16. Be1 h5 17. Kh1 Be7 18. Ne5 Qe6 19. Nxd7 Qxd7 20. Qxh5 g6 21. Qh6
Bf6 22. Bc3 Bxc3 23. bxc3 Rae8 24. Ne4 Rxe4 25. dxe4 Re8 26. Rad1 Qc8 27. Rd4
Re5 28. Rfd1 Re8 29. e5 Qe6 30. Rh4 Qxe5 31. Qh7+ Kf8 32. Qh8+ 1-0